| 000 | 00356nam a22001457a 4500 | ||
|---|---|---|---|
| 003 | MACL | ||
| 005 | 20200102162355.0 | ||
| 008 | 200102b xxu||||| |||| 00| 0 eng d | ||
| 040 | _cMACL | ||
| 100 |
_aDas, A. K. _977639 |
||
| 245 | _aSchedule Caste in Indian Society | ||
| 260 |
_aDelhi _bGaurav Book _c2016 |
||
| 650 |
_aCommunity _91249 |
||
| 942 |
_2ddc _cBK |
||
| 999 |
_c61642 _d61642 |
||